| 000 | 00670nam a2200217 a 4500 | ||
|---|---|---|---|
| 005 | 20230527063600.0 | ||
| 008 | 150423s2009 es r 000 0 spa d | ||
| 020 | _a9788497990844 | ||
| 035 | _aUPN01000202999 | ||
| 049 | _aCG | ||
| 050 | 4 |
_aBF724 _bD4.2 |
|
| 100 | 1 |
_aDelagrave, Michel _937066 |
|
| 245 | 1 | 0 |
_aAdolescentes : _bmanual de instrucciones / _cMichel Delagrave ; tr. Montserrat Asensio. |
| 260 |
_aBarcelona, Esp. : _bMedici, _c2009. |
||
| 300 |
_a159 p. : _bil. |
||
| 534 |
_pTraducción de: _tAdos mode d'emploi |
||
| 650 | 4 |
_aPsicología del adolescente _91013 |
|
| 650 | 0 |
_aAdolescentes _xConducta de vida _91767 |
|
| 905 | _aLibro | ||
| 999 |
_c175100 _d175100 |
||